Desarrollo y cambio social en América Latina
Salvato in:
| Enti autori: | , |
|---|---|
| Natura: | Libro |
| Lingua: | spagnolo |
| Pubblicazione: |
Santiago
CEPAL-ILPES
1977
|
| Serie: | Cuadernos de la CEPAL
|
| Soggetti: | |
| Tags: |
Aggiungi Tag
Nessun Tag, puoi essere il primo ad aggiungerne!!
|
MARC
| LEADER | 00000nam a2200000 a 4500 | ||
|---|---|---|---|
| 001 | UCR9733 | ||
| 003 | CL-VaPUC | ||
| 008 | 980613e19770000CL |||||||||||||||||spa|d | ||
| 082 | 0 | 4 | |a 338.98 |b CEP |2 21 |
| 110 | 2 | |a CEPAL |e author |9 412577 | |
| 710 | 2 | |a Comisión Económica para América Latina |e author |9 412578 | |
| 245 | 1 | 0 | |a Desarrollo y cambio social en América Latina |
| 300 | |a 62 p | ||
| 942 | |c BK | ||
| 945 | |d 19980613 00:00:00 |a crobeson | ||
| 260 | |a Santiago |b CEPAL-ILPES |c 1977 | ||
| 650 | 0 | |a Desarrollo económico y social |9 256320 | |
| 650 | 0 | |a Cambio social |9 256857 | |
| 650 | 0 | |a Crecimiento económico |9 314037 | |
| 650 | 7 | |a DESARROLLO URBANO |2 CL-VaPUC |9 412579 | |
| 650 | 7 | |a DESARROLLO RURAL |2 CL-VaPUC |9 412580 | |
| 650 | 0 | |a Pobreza |9 258652 | |
| 651 | 0 | |a América Latina |9 255027 | |
| 583 | |a last modification |c 19980613 00:00:00 |k Rodrigo Vera | ||
| 490 | 0 | |a Cuadernos de la CEPAL | |
| 999 | |c 270910 |d 270908 | ||
| 952 | |0 0 |1 0 |4 0 |6 338_980000000000000_CEP_1977 |7 0 |8 A |9 305366 |a BIBENE |b BIBENE |d 2019-11-20 |i 1418408 |o 338.98 CEP 1977 |p 1418408 |r 2025-01-15 |w 2019-11-20 |y BK |k ICO | ||